书目信息 |
| 题名: |
中国明清瓷器赏玩
|
|
| 作者: | 邱东联 编著 | |
| 分册: | ||
| 出版信息: | 长沙 湖南美术出版社 2007 |
|
| 页数: | 183页 | |
| 开本: | 24cm | |
| 丛书名: | ||
| 单 册: | ||
| 中图分类: | K876.32 | |
| 科图分类: | ||
| 主题词: | 瓷器(考古)--鉴赏--中国--明清时代--图录 , 瓷器(考古) | |
| 电子资源: | ||
| ISBN: | 978-7-5356-2743-8 | |
| 000 | 00746nam0 2200229 450 | |
| 001 | 1230930618 | |
| 005 | 20121013083602.98 | |
| 010 | @a978-7-5356-2743-8@dCNY49.00 | |
| 100 | @a20070226d2007 em y0chiy50 ea | |
| 101 | 0 | @achi |
| 102 | @aCN@b430000 | |
| 105 | @aa z 000yy | |
| 200 | 1 | @a中国明清瓷器赏玩@Azhong guo ming qing ci qi shang wan@f邱东联编著 |
| 210 | @a长沙@c湖南美术出版社@d2007 | |
| 215 | @a183页@c彩图@d24cm | |
| 330 | @a本书收录了明清时期的瓷器,每件瓷器均有彩色照片,附名称、尺寸、市场参考价、成交价等。 | |
| 606 | 0 | @a瓷器(考古)@x鉴赏@y中国@z明清时代@j图录 |
| 606 | 0 | @a瓷器(考古) |
| 690 | @aK876.32@v4 | |
| 701 | 0 | @a邱东联@Aqiu dong lian@f(1966~)@4编著 |
| 801 | 0 | @aCN@bNLC@c20101222 |
| 905 | @a10447@dK876.32@eJY28 | |
| 中国明清瓷器赏玩/邱东联编著.-长沙:湖南美术出版社,2007 |
| 183页:彩图;24cm |
| ISBN 978-7-5356-2743-8:CNY49.00 |
| 本书收录了明清时期的瓷器,每件瓷器均有彩色照片,附名称、尺寸、市场参考价、成交价等。 |
| ● |
| 相关链接 |
|
|
|
|
正题名:中国明清瓷器赏玩
索取号:K876.32/JY28
 
预约/预借
| 序号 | 登录号 | 条形码 | 馆藏地/架位号 | 状态 | 备注 |
| 1 | 7826740 | 278267402 | 学院路分馆/ [索取号:K876.32/JY28] | 在馆 | |
| 2 | 7826741 | 278267411 | 学院路分馆/ [索取号:K876.32/JY28] | 在馆 |